El nacimiento de los paises latinoamericanos

Enregistré dans:
Détails bibliographiques
Auteur principal: Macaulay, Neill (autor)
Format: Livre
Langue:espagnol
Publié: Madrid NEREA 1989
Sujets:
Tags: Ajouter un tag
Pas de tags, Soyez le premier à ajouter un tag!

MARC

LEADER 00000nam a2200000 a 4500
001 UCX6573
003 CL-VaPUC
008 930728e19890000SP |||||||||||||||||spa|d
082 0 4 |a 980  |b MAC  |2 21 
100 |a Macaulay, Neill  |e autor  |9 323134 
245 1 3 |a El nacimiento de los paises latinoamericanos 
300 |a 328 p 
942 |c BK 
945 |d 19930728 00:00:00  |a aalvarez 
260 |a Madrid  |b NEREA  |c 1989 
650 7 |a HISTORIA SIGLO 16-18  |2 CL-VaPUC  |9 323135 
650 7 |a DESCUBRIMIENTO Y EXPLORACIONES ESPAÑOLES  |2 CL-VaPUC  |9 255282 
651 0 |a América  |9 255182 
583 |a last modification  |c 19930728 00:00:00  |k Rodrigo Vera 
999 |c 226571  |d 226569 
952 |0 0  |1 0  |4 0  |6 980_000000000000000_MAC_1989  |7 0  |8 A  |9 225059  |a BIBHIS  |b BIBHIS  |d 2019-11-15  |i 2970147  |l 4  |o 980 MAC 1989  |p 2970147  |r 2025-01-20  |s 2020-10-06  |w 2019-11-15  |y BK  |k HIS